| 000 | 00427nam a2200133Ia 4500 | ||
|---|---|---|---|
| 008 | 170221s9999 xx 000 0 und d | ||
| 100 | _aJuan Yao | ||
| 245 | _aMarket Segmentation, Information Asymmetry and Investor Responses in the Chinese A- and B-Markets | ||
| 245 | _cJuan Yao | ||
| 260 | _c2014 | ||
| 300 | _a12 : 1 | ||
| 650 | _xBusiness | ||
| 856 | _uhttp://ro.uow.edu.au/cgi/viewcontent.cgi?article=1467&context=aabfj | ||
| 999 |
_c311533 _d311533 |
||